000
002940000a22001090004500
100
1
_a
Viana, Carlos H.
245
1
0
_a
La vida en los tiempos bíblicos
300
_a
Vol.48, núm.209 (1993), p. 18-19
650
1
4
_a
HÍSTORIA-TIEMPOS BÍBLICOS
773
0
_t
La Biblia en las Américas
942
_c
ANA
999
_c
62899
_d
62899